Random point processes
Αποθηκεύτηκε σε:
| Κύριος συγγραφέας: | |
|---|---|
| Μορφή: | Βιβλίο |
| Γλώσσα: | English |
| Δημοσίευση: |
New York :
John Wiley & Sons,
c1975
|
| Θέματα: | |
| Ετικέτες: |
Προσθήκη ετικέτας
Δεν υπάρχουν, Καταχωρήστε ετικέτα πρώτοι!
|
MARC
| LEADER | 00000cam a2200000 i 4500 | ||
|---|---|---|---|
| 001 | 1/33274 | ||
| 008 | 030225s1975 eng d | ||
| 020 | |a 0471810215 | ||
| 035 | |l 10069483 | ||
| 040 | |a GR-MY-UA |b gre |e aacr | ||
| 041 | 0 | |a eng | |
| 082 | 0 | |a 519.23 | |
| 100 | 1 | |a Snyder, Donald L. |q (Donald Lee), |d 1943- | |
| 245 | 1 | 0 | |a Random point processes / |c Donald L. Snyder |
| 260 | |a New York : |b John Wiley & Sons, |c c1975 | ||
| 300 | |a x, 485 p.; |b ill.; |c 23 cm. | ||
| 500 | |a "A Wiley-Interscience publications." | ||
| 505 | 0 | |a Includes bibliographies and indexes | |
| 650 | 0 | 0 | |a Point processes. |
| 852 | |a INST |b SAMOS |e 20030225 |h 519.23 SNY |p 005300024212 |q 005300024212 |t BK |y 0 | ||
| 901 | |a BIBL3-2003-1 | ||
| 909 | |a Σ |b 087811 | ||
| 970 | |a ΚΟΣΙΕΡΗΣ |b ΧΡΗΣΤΟΣ |z 2003/02/25 | ||